| 000 | 00686nam a22001577a 4500 | ||
|---|---|---|---|
| 005 | 20260515110201.0 | ||
| 008 | 260515b |||||||| |||| 00| 0 eng d | ||
| 050 |
_aTHE LB 2831 .T3 A74 2026 _bC.1 |
||
| 100 | _aArende, Erasto George | ||
| 245 | _aStrategic Staffing in the Provision of Quality Education in Public Primary Schools in Bunda District, Tanzania | ||
| 260 |
_aKisii _bKisii University _c2026 |
||
| 300 | _axv, 107p.:ill. | ||
| 500 | _aIncludes bibliographical references | ||
| 650 | _a1. School personnel management - Tanzania - Bunda District. 2. Education quality - Tanzania - Primary education. 3. Teacher allocation - Tanzania - Primary Schools. | ||
| 942 |
_2lcc _cREF |
||
| 999 |
_c217155 _d217155 |
||